Football Teams Nordin Amrabat Played For - Statistics

General Stats
  • This quiz has been taken 11 times
  • The average score is 9 of 11
Answer Stats
League Years Team % Correct
Turkey 2012-2014 Galatasaray SK
100%
Spain 2014-2016 Málaga CF
100%
England 2016-2017 Watford FC
100%
Saudi Arabia 2018-2021 Al-Nassr FC
89%
Netherlands 2008-2011 PSV
89%
Spain 2017-2018 CD Leganés
78%
Greece 2021- AEK Athens
67%
Netherlands 2006-2007 FC Omniworld
67%
Turkey 2011-2012 Kayserispor
67%
Netherlands 2007-2008 VVV-Venlo
67%
Netherlands 2006 SV Huizen
56%
No matching quizzes found
Score Distribution
Percent of People with Each Score
Percentile by Number Answered
Your Score History
You have not taken this quiz